Phong thủy : Văn phòng làm việc nơi công sở

Trình bày cách sắp xếp văn phòng, chỗ làm việc cùng những lời khuyên, bí quyết khác trong công việc, kinh doanh và nhiều vấn đề mà đôi lúc bạn ít để ý đến. Những kiến thức này nhằm tăng cường, cải thiện môi trường làm việc và khôgn...

Full beskrivning

Sparad:
Bibliografiska uppgifter
Materialtyp: Bok
Språk:Undetermined
Publicerad: Hà Nội Văn hóa Thông tin 2009
Ämnen:
Taggar: Lägg till en tagg
Inga taggar, Lägg till första taggen!
Thư viện lưu trữ: Trung tâm Học liệu Trường Đại học Cần Thơ
LEADER 01505nam a2200217Ia 4500
001 CTU_149845
008 210402s9999 xx 000 0 und d
020 |c 32000 
082 |a 747.8 
082 |b Ph431 
245 0 |a Phong thủy : 
245 0 |b Văn phòng làm việc nơi công sở 
245 0 |c Xuân Phú Hưng, Việt Hà biên soạn 
260 |a Hà Nội 
260 |b Văn hóa Thông tin 
260 |c 2009 
520 |a Trình bày cách sắp xếp văn phòng, chỗ làm việc cùng những lời khuyên, bí quyết khác trong công việc, kinh doanh và nhiều vấn đề mà đôi lúc bạn ít để ý đến. Những kiến thức này nhằm tăng cường, cải thiện môi trường làm việc và khôgn gian sống, giúp bạn đạt được thành công trong công việc, kinh doanh, học tập, có được một sức khỏe tốt, một cuộc sống hài hòa, hạnh phúc. Cuốn sách này cần thiết hữu ích cho tất cả mọi người, mọi công ty, tổ chức để đạt được thành công trong nhiều mặt của cuộc sống. 
650 |a Feng shui,Interior decoration,Trang trí nội thất,Phong thủy 
650 |x Chinese influences,Phong cách Trung Quốc 
904 |i Trọng Hiếu 
980 |a Trung tâm Học liệu Trường Đại học Cần Thơ